| 000 | 00436nam a2200145Ia 4500 | ||
|---|---|---|---|
| 003 | SGT | ||
| 082 |
_a624 _bCMA |
||
| 100 | _aCMA | ||
| 245 | _aCement concrete canal linig | ||
| 260 |
_bCement Manufacturers Association _aNew Delhi _c1998 |
||
| 300 | _aV.Pp. | ||
| 650 | _aCIVIL ENGINEERING | ||
| 653 | _aCEMENT CONCRETE CANAL LINING, ECONOMICS OF CEMENT CONCRETE LINIG, TENDERING FOR WORKS, QUALITY CONTROL, ENCLOSURES | ||
| 942 |
_2ddc _cBK |
||
| 999 |
_c5383 _d5383 |
||